Catálogo
 En Linea

Familias del arrabal : (Registro nro. 23367)

Detalles MARC
000 -CABECERA
campo de control de longitud fija 00716nam a2200205 a 4500
001 - NÚMERO DE CONTROL
campo de control 000023871
005 - FECHA Y HORA DE LA ÚLTIMA TRANSACCIÓN
campo de control 20200930022530.0
008 - DATOS DE LONGITUD FIJA--INFORMACIÓN GENERAL
campo de control de longitud fija 110114s1980 pr r 000 0 spa d
020 ## - NÚMERO INTERNACIONAL ESTÁNDAR DEL LIBRO
Número Internacional Estándar del Libro 0847724557
040 ## - FUENTE DE LA CATALOGACIÓN
Centro catalogador/agencia de origen DO-SdBNP
Lengua de catalogación spa
Centro/agencia transcriptor BNPHU
082 ## - NÚMERO DE LA CLASIFICACIÓN DECIMAL DEWEY
Número de clasificación nn*
Número de documento/Ítem nn*
049 ## - FONDOS LOCALES (OCLC)
Fondos de biblioteca BNGR
100 1# - ENTRADA PRINCIPAL--NOMBRE DE PERSONA
Nombre de persona Icken Safa, Helen.
9 (RLIN) 49109
245 10 - MENCIÓN DE TÍTULO
Título Familias del arrabal :
Resto del título un estudio sobre desarrollo y desigualdad /
Mención de responsabilidad, etc. Helen Icken Safa ; traducción Ivette Torres.
260 ## - PUBLICACIÓN, DISTRIBUCIÓN, ETC.
Lugar de publicación, distribución, etc. Río Piedras :
Nombre del editor, distribuidor, etc. Universitaria. Unversidad de Puerto Rico,
Fecha de publicación, distribución, etc. 1980.
300 ## - DESCRIPCIÓN FÍSICA
Extensión 158 p. ;
Dimensiones 23 cm.
500 ## - NOTA GENERAL
Nota general Los ejemplares 2 y 3 son una reimpresión del año 1989.
504 ## - NOTA DE BIBLIOGRAFÍA, ETC.
Nota de bibliografía, etc. Referencias : [153]-158 p.
700 1# - PUNTO DE ACCESO ADICIONAL--NOMBRE DE PERSONA
Nombre de persona Torres, Ivette,
Término indicativo de función/relación tr.
9 (RLIN) 49110
Existencias
Estado de retiro Estado de pérdida Restricciones de uso No para préstamo Código de colección Localización permanente Ubicación/localización actual Ubicación en estantería Fecha de adquisición Número de inventario Total de préstamos Signatura topográfica completa Código de barras Fecha visto por última vez Precio válido a partir de Tipo de ítem Koha Número de copia
        Monografías: Libros y Folletos General General En catalogación 14.01.2011 LF1   nn* nn* 23871-10 25.06.2020 25.06.2020 Préstamo en sala  
      Préstamo restrigido Monografías: Libros y Folletos General General En catalogación 14.01.2011 LF1   nn* nn* 23871-20 25.06.2020 25.06.2020 Préstamo en sala e. 2
        Monografías: Libros y Folletos General General En catalogación 14.01.2011 LF1   nn* nn* 23871-30 25.06.2020 25.06.2020 Préstamo en sala e. 3

Con tecnología Koha